000 00577nam a22002177a 4500
003 OSt
005 20140310181912.0
008 130713t xxu||||| |||| 00| 0 eng d
020 _a9717850011
050 _aBV 4639
_b.V157 1998
082 _aTR 149.5
_b V23 1998
245 _aThe Power of life
_cValentine, James Lee
260 _aMakati, Philippines :
_b The Lifemax Group,
_c1998.
300 _a32 p.
520 _a1. Meliorism. 2. Optimism. 3. Life.
521 _aFaculty
541 _j1
541 _j2
562 _e2
942 _2lcc
_cBK-TR
_kTR
999 _c6570
_d6570